Applied models in urban and regional analysis

Bibliographic Details
Main Author: Oppenheim, Norbert (Author)
Format: Book
Language:English
Published: Englewood Cliffs, N.J. : Prentice-Hall, Inc. 1980
Edition:First edition
Subjects:

MARC

LEADER 00000cam a2200000 7i4500
001 0000005522
005 20240917.0
008 240903 nju a eng
020 |a 0130414670 (hbk) 
040 |a INS   |b eng   |e rda 
090 0 0 |a RHT166   |b .O64 1980 
100 1 |a Oppenheim, Norbert ,   |e author 
245 1 0 |a Applied models in urban and regional analysis   |c Norbert Oppenheim 
250 |a First edition 
264 1 |a Englewood Cliffs, N.J. :   |b Prentice-Hall, Inc.   |c 1980 
300 |a xi, 356 pages :   |b illustrations ;   |c 24 cm. 
336 |a text  |2 rdacontent 
337 |a unmediated  |2 rdamedia 
338 |a volume  |2 rdacarrier 
504 |a Includes bibliographical references and index 
650 0 |a City planning   |x Mathematical models 
650 0 |a City planning   |x Statistical methods 
650 0 |a Regional planning   |x Mathematical models 
650 0 |a Regional planning   |x Statistical methods 
999 |a 0000000158   |b BOOK   |c Red Spot   |e Default branch